AKTA SEWA BELI 1967 ( AKTA 212 ) & PERATURAN-PERATURAN : ( HINGGA 10HB JULAI 2022)

Bibliographic Details
Corporate Author: Lembaga Penyelidikan Undang-Undang (editor of compilation.)
Format: Book
Language:Malayalam
Published: Petaling Jaya, Selangor : International Law Book Services 2022
Series:Undang-undang Malaysia
Subjects:

MARC

LEADER 00000cam a2200000 7i4500
001 0000031230
005 20260126.0
008 260116s2022 xx 000 0 eng d
020 |a 9789678928298 (  |q paperback) ,   |c RM12.80 
040 |a JPM   |b eng   |c INS   |e rda 
041 1 |a mal 
090 0 0 |a KPG916   |b .A3 2022 
110 1 |a Malaysia,   |e jurisdiction governed. 
245 0 0 |a AKTA SEWA BELI 1967 ( AKTA 212 ) & PERATURAN-PERATURAN :   |b ( HINGGA 10HB JULAI 2022)   |c Disusun oleh:Lembaga Penyelidikan Undang-undang. 
264 1 |a Petaling Jaya, Selangor :   |b International Law Book Services   |c 2022 
300 |a 118 pages ;   |c 24 cm. 
336 |a text  |2 rdacontent 
337 |a unmediated  |2 rdamedia 
338 |a volume  |2 rdacarrier 
490 1 |a UNDANG-UNDANG MALAYSIA 
650 0 |a Commercial law   |z Malaysia. 
650 0 |a Hire-purchase   |z Malaysia. 
710 2 |a Lembaga Penyelidikan Undang-Undang,   |e editor of compilation. 
830 0 |a Undang-undang Malaysia 
999 |a 1000004809   |b BOOK   |c Acts   |e Default branch 
999 |a 1000004810   |b BOOK   |c Acts   |e Default branch